000 00749nam a2200229Ia 4500
001 8926
003 GE_BSU
008 181216s||||||||xx |||||||||||||| ||und||
040 _cGE_BSU
080 _a821.353.1–1
100 _aკაჭახიძე,გიორგი
245 _aმეც ჩემებური გუთნისდედა ვარ
245 _bლექსები
245 _cრედ.ე.უბილავა
260 _aთბილისი
260 _bნაკადული
260 _c1964
300 _a145გვ.პორტრეტი.17სმ.
653 _aლექსები
653 _aმეც ჩემებური გუთნისდედა ვარ
942 _cBK
999 _c42231
_d42231